Elementary fluid mechanics (Record no. 30632)

MARC details
000 -LEADER
fixed length control field 00325nam a2200133Ia 4500
082 ## - DEWEY DECIMAL CLASSIFICATION NUMBER
Classification number 532
Item number VEN
100 ## - MAIN ENTRY--AUTHOR NAME
Personal name Street, Robert L
245 #0 - TITLE STATEMENT
Title Elementary fluid mechanics
250 ## - EDITION STATEMENT
Edition statement Ed.5
260 ## - PUBLICATION, DISTRIBUTION, ETC. (IMPRINT)
Place of publication New York
Name of publisher John Wiley
Year of publication 1976
700 ## - ADDED ENTRY--PERSONAL NAME
Personal name Vennard, John K
942 ## - ADDED ENTRY ELEMENTS (KOHA)
Koha item type Books
Holdings
Withdrawn status Lost status Damaged status Not for loan Home library Current library Date acquired Cost, normal purchase price Full call number Accession Number Koha item type
        RRII Library RRII Library 16/12/2021 7.70 532 VEN 11203 Books